Statistics for Premier League Nickname

Click here to take the quiz!

General Stats

  • This quiz has been taken 18 times
  • The average score is 7 of 9

Answer Stats

Answer% Correct
Leicester City
94%
Swansea
94%
Watford
94%
Bournemouth
88%
Brighton
81%
Newcastle
81%
Sunderland
63%
Sheffield Wednesday
50%
Chelsea
31%

Score Distribution

Percentile by Number Answered

Percent of People with Each Score

Your Score History

You have not taken this quiz